00560 2200205 4500001002100000005001500021035002000036007000300056008004100059020001400100082001400114084002000128100002400148245006700172260003100239300003300270600001900303990001600322990001600338INLIS00000000000001820230911024525 a0010-0923000006ta230911 0 ind  a0852-6648 a633.001.5 a633.001.5 DJO r0 aDjoko s. Damardjati1 aRisalah Hasil Penelitian Tanaman Pangan /cDjoko s. Damardjati aBogor :bBPTP Bogor,c1993 a69 :bilus, ;c17 cm x 24 cm 4aTanaman Pangan aBPSIP000001 aBPSIP000002